000 00412nam a2200181Ia 4500
001 2535
005 20260306144814.0
008 260306t1945||||xx |||||||||||||| ||spa||
041 _aESP
082 _a616.8914
_bS29
100 _aSchilder, Paul
_eAUT
245 0 _aTratado de Psicoterapia
260 _c1945
300 _a371 páginas :
_ccm.
650 _aGEN
654 _aCPS
942 _cLIB
_dJUS
_fJUS
_2ddc
_n
999 _c2535
_d2535